LIBRARY & INFORMATION CENTRE, KCAET, TAVANUR

ONLINE PUBLIC ACCESS CATALOGUE (OPAC)

Constitutional history of England / (Record no. 11419)

MARC details
000 -LEADER
fixed length control field 00407cam a2200157ua 4500
041 ## - LANGUAGE CODE
Language code of text/sound track or separate title eng
082 ## - DEWEY DECIMAL CLASSIFICATION NUMBER
Classification number 342.029
Item number MAI/CO
100 ## - MAIN ENTRY--AUTHOR NAME
Personal name Maitland, F W .
245 ## - TITLE STATEMENT
Title Constitutional history of England /
250 ## - EDITION STATEMENT
Edition statement 1 /
260 ## - PUBLICATION, DISTRIBUTION, ETC. (IMPRINT)
Place of publication Cambridge :
Name of publisher Cambridge University Press ,
Year of publication 1963.
300 ## - PHYSICAL DESCRIPTION
Number of Pages 548 ; .
942 ## - ADDED ENTRY ELEMENTS (KOHA)
Koha item type Books
Holdings
Withdrawn status Lost status Damaged status Home library Current library Date acquired Full call number Accession Number Koha item type
Withdrawn     KAUAET Sanskrit University 07/04/2012 342.029 6048 Books
free website counter